000
00300nam a22001337a 4500
003
SGT
082
_a
610.7368
_b
M15T
100
_a
THEODORE, DOROTH D.
245
_a
TB. OF MENTAL HEALTH NURSING
260
_a
INDIA
_b
JAYPEE
_c
2015
300
_a
154
650
_a
PSYCHIATRIC
942
_2
ddc
_c
BK
_0
33
999
_c
10954
_d
10954